Movies Quiz

Random Movies or Letter Quiz

'W' Movies by Picture Quiz Stats

 Plays Quiz Updated Apr 11, 2013

Challenge
Share
Tweet
Score 0/25 Timer 06:00
1 Play Today
Movie % Correct
The Wizard of Oz
97.1%
Wall-E
97.1%
Wayne's World
91%
Where the Wild Things Are
79.6%
Walk the Line
76.1%
The Waterboy
75.3%
Wall Street
71.2%
The Wrestler
69.2%
Waterworld
68.1%
War of the Worlds
66.9%
White Men Can't Jump
62.2%
The Wolf Man
47.4%
Wild Things
45.1%
Movie % Correct
Watchmen
43.2%
Wanted
43.1%
WarGames
36.6%
Waiting...
35.5%
Winter's Bone
30.5%
We Were Soldiers
29%
Wildcats
18.6%
The Warriors
16.4%
Who's Afraid of Virginia Woolf?
11.7%
We Own the Night
9.3%
Wait Until Dark
8.6%
Waltz with Bashir
7.8%

You're not logged in!

Compare scores with friends on all Sporcle quizzes.
Join for Free
OR
Log In

You Might Also Like...

Show Comments

Extras

Top Quizzes Today


Score Distribution

Your Account Isn't Verified!

In order to create a playlist on Sporcle, you need to verify the email address you used during registration. Go to your Sporcle Settings to finish the process.

Report this User

Report this user for behavior that violates our Community Guidelines.

Details: